000 00984nam a2200277 u 4500
999 _c67306
_d67306
001 67306
003 Mx-PuUPA
005 20211112124348.0
008 170509s2015 mx r 000 0 spa d
020 _a9786077470984
040 _erda
_aMx-PuUPA
_bspa
_cMx-PuUPA
_dMx-PuUPA
041 0 _aspa
100 1 _aJarvis, Jeff,
_d1954-
_eautor
_94537
240 1 0 _aGeeks bearing gifts,
_lEspañol
245 1 3 _aEl fin de los medios de comunicación de masas :
_b¿cómo serán las noticias del futuro? /
_cJeff Jarvis ; traducido por Jorge Paredes.
250 _aPrimera edición
264 1 _aMéxico, D.F. :
_bEdiciones Culturales Paidós,
_c2015
300 _a222 páginas ;
_c23 cm.
336 _atexto
_2rdacontent
_btxt
337 _asin medio
_2rdamedia
_bn
338 _avolumen
_2rdacarrier
_bnc
650 4 _aPeriodismo digital
942 _2ddc
_cLI
_h070
_iJAR